000 00723nam a2200229Ii 4500
003 JO-AjNU
008 230605s9999||||xx |||||||||||||| ||und||
017 _a2015/2/1502
020 _a978-9957-58-251-7
040 _aJO-AjNU
_bara
_erda
_cJO-AjNU
041 _aara
050 1 4 _aS591.2016
100 3 _aالمالكي، عبدالله سالم، م مشارك نجم عبدالله رحيم,
_eauthor
_964375
245 0 0 _aجغرافية التربة
250 _aط1
264 3 1 _aعمان: دار الوضاح للنشر، 2016
300 _a207ص
336 _atext
_btxt
_2rdacontent
337 _aunmediated
_bn
_2rdamedia
338 _avolume
_bnc
_2rdacarrier
650 4 _aالزرعة-التربة
_964376
999 _aA29251
_c32819
_d32819